<?xml version="1.0" encoding="UTF-8"?><?xml-stylesheet type="text/xsl" href="static/style.xsl"?><OAI-PMH xmlns="http://www.openarchives.org/OAI/2.0/" xmlns:xsi="http://www.w3.org/2001/XMLSchema-instance" xsi:schemaLocation="http://www.openarchives.org/OAI/2.0/ http://www.openarchives.org/OAI/2.0/OAI-PMH.xsd"><responseDate>2026-04-14T08:12:21Z</responseDate><request verb="GetRecord" identifier="oai:www.recercat.cat:10230/70922" metadataPrefix="marc">https://recercat.cat/oai/request</request><GetRecord><record><header><identifier>oai:recercat.cat:10230/70922</identifier><datestamp>2025-07-17T19:20:20Z</datestamp><setSpec>com_2072_6</setSpec><setSpec>col_2072_452952</setSpec></header><metadata><record xmlns="http://www.loc.gov/MARC21/slim" xmlns:dcterms="http://purl.org/dc/terms/" xmlns:xsi="http://www.w3.org/2001/XMLSchema-instance" xmlns:doc="http://www.lyncode.com/xoai" xsi:schemaLocation="http://www.loc.gov/MARC21/slim http://www.loc.gov/standards/marcxml/schema/MARC21slim.xsd">
   <leader>00925njm 22002777a 4500</leader>
   <datafield ind2=" " ind1=" " tag="042">
      <subfield code="a">dc</subfield>
   </datafield>
   <datafield ind2=" " ind1=" " tag="720">
      <subfield code="a">Aroz, Aingeru</subfield>
      <subfield code="e">author</subfield>
   </datafield>
   <datafield ind2=" " ind1=" " tag="720">
      <subfield code="a">Hirose, Hitomi</subfield>
      <subfield code="e">author</subfield>
   </datafield>
   <datafield ind2=" " ind1=" " tag="720">
      <subfield code="a">Nishimura, Kimiyo</subfield>
      <subfield code="e">author</subfield>
   </datafield>
   <datafield ind2=" " ind1=" " tag="720">
      <subfield code="a">Cassany, Daniel</subfield>
      <subfield code="e">author</subfield>
   </datafield>
   <datafield ind2=" " ind1=" " tag="260">
      <subfield code="c">2025-07-16T07:27:25Z</subfield>
   </datafield>
   <datafield ind2=" " ind1=" " tag="260">
      <subfield code="c">2025-07-16T07:27:25Z</subfield>
   </datafield>
   <datafield ind2=" " ind1=" " tag="260">
      <subfield code="c">2025</subfield>
   </datafield>
   <datafield ind2=" " ind1=" " tag="520">
      <subfield code="a">A partir de una encuesta a 1611 estudiantes universitarios de español en universidades japonesas, aportamos datos empíricos para averiguar qué porcentaje de alumnos usan la inteligencia artificial (IA) para aprender idiomas y cómo la utilizan (frecuencia, instrucciones, lengua meta y vehicular, estrategias de revisión, grado de satisfacción, opiniones). Elaboramos la encuesta a partir de entrevistas exploratorias y de la investigación previa y analizamos sus resultados con estadística descriptiva y análisis del discurso. Los resultados indican que el 67 % de los informantes afirma haber usado la IA en el último mes; el 60 % la utiliza semanal o diariamente en sus prácticas plurilingües de comprensión, traducción y corrección de escritos, y un 13 % la emplea de manera irreflexiva. Estos datos ofrecen un retrato bastante preciso de cómo utilizan la IA los universitarios encuestados y sugieren orientaciones didácticas para la enseñanza superior.</subfield>
   </datafield>
   <datafield ind2=" " ind1=" " tag="520">
      <subfield code="a">La participación de D. Cassany en este estudio ha sido posible gracias al programa de invitación de investigadores de la Universidad Sofía (del 2 de abril al 27 de junio de 2024) y al proyecto competitivo «OralGrab. Grabar vídeos y audios para enseñar y aprender» (PID2022-141511NB-100), financiado por la Agencia Estatal de Investigación y por el Ministerio de Ciencia e Innovación del Gobierno de España.</subfield>
   </datafield>
   <datafield ind1="8" ind2=" " tag="024">
      <subfield code="a">http://hdl.handle.net/10230/70922</subfield>
   </datafield>
   <datafield tag="653" ind2=" " ind1=" ">
      <subfield code="a">Inteligencia artificial</subfield>
   </datafield>
   <datafield tag="653" ind2=" " ind1=" ">
      <subfield code="a">IA</subfield>
   </datafield>
   <datafield tag="653" ind2=" " ind1=" ">
      <subfield code="a">Español</subfield>
   </datafield>
   <datafield tag="653" ind2=" " ind1=" ">
      <subfield code="a">Universidad</subfield>
   </datafield>
   <datafield tag="653" ind2=" " ind1=" ">
      <subfield code="a">Aprendizaje adaptativo</subfield>
   </datafield>
   <datafield ind2="0" ind1="0" tag="245">
      <subfield code="a">Inteligencia artificial para aprender idiomas entre universitarios japoneses</subfield>
   </datafield>
</record></metadata></record></GetRecord></OAI-PMH>